Advances in Physiological Research /

Bibliographic Details
Main Author: McLennan, Hugh, 1927-
Corporate Author: SpringerLink (Online service)
Other Authors: Ledsome, J. R., McIntosh, C. H. S., Jones, D. R.
Format: eBook
Language:English
Published: Boston, MA : Springer US, 1987.
Subjects:
Online Access:Connect to the full text of this electronic book

MARC

Tag First Indicator Second Indicator Subfields
LEADER 00000cam a2200000Ma 4500
001 in00003545121
006 m o d
007 cr nn|||||||||
008 121227s1987 mau o 000 0 eng d
005 20260422215757.1
020 |a 9781461594925 (electronic bk.) 
020 |a 1461594928 (electronic bk.) 
035 |a (OCoLC)840287336 
040 |a I9W  |b eng  |e pn  |c I9W  |d OCLCQ  |d UV0  |d OCLCO  |d GW5XE  |d OCLCF  |d UtOrBLW 
049 |a TXAM 
050 4 |a QK474.8-493.5 
082 0 4 |a 582.16  |2 23 
100 1 |a McLennan, Hugh,  |d 1927- 
245 1 0 |a Advances in Physiological Research /  |c edited by H. McLennan, J.R. Ledsome, C.H.S. McIntosh, D.R. Jones. 
264 1 |a Boston, MA :  |b Springer US,  |c 1987. 
300 |a 1 online resource (516 pages) 
336 |a text  |b txt  |2 rdacontent 
337 |a computer  |b c  |2 rdamedia 
338 |a online resource  |b cr  |2 rdacarrier 
500 |a Electronic resource. 
650 0 |a Life sciences. 
650 0 |a Trees. 
650 7 |a Life sciences.  |2 fast  |0 (OCoLC)fst00998323 
650 7 |a Trees.  |2 fast  |0 (OCoLC)fst01155984 
655 7 |a Electronic books.  |2 local 
700 1 |a Ledsome, J. R. 
700 1 |a McIntosh, C. H. S. 
700 1 |a Jones, D. R. 
710 2 |a SpringerLink (Online service) 
856 4 0 |u http://proxy.library.tamu.edu/login?url=https://link.springer.com/10.1007/978-1-4615-9492-5  |z Connect to the full text of this electronic book  |t 0 
994 |a 92  |b TXA 
999 |a MARS 
999 f f |s 4b0b313a-d44e-3597-b052-2d7e7ab45e2e  |i c5f12a42-7eb6-3705-9acd-8f44a4d3b6a3  |t 0 
952 f f |a Texas A&M University  |b College Station  |c Electronic Resources  |s www_evans  |d Available Online  |t 0  |e QK474.8-493.5  |h Library of Congress classification 
998 f f |a QK474.8-493.5  |t 0  |l Available Online